| 000 | 00658nam a2200205 i 4500 | ||
|---|---|---|---|
| 001 | 81538 | ||
| 003 | ES-MaACL | ||
| 005 | 20250822092937.0 | ||
| 007 | t| | ||
| 008 | 041105s1978 sp ||||1| spa d | ||
| 100 | 1 |
_aHusen, Torsten. _964814 |
|
| 245 | 1 | 3 |
_aLa sociedad educativa / _cTorsten Husen ; [traducida por Dolores Blasco de la Vega]. |
| 260 |
_a[Salamanca] : _bAnaya, _c[1978] |
||
| 300 |
_a229 p. ; _c22 cm. |
||
| 490 | 1 | _aCiencias de la educación. Anaya | |
| 700 | 1 |
_aBlasco de la Vega, Dolores. _929385 |
|
| 830 | 0 | 0 |
_aCiencias de la educación (Anaya) _9231470 |
| 852 |
_aES-MaACL _jA-8841 _bR.97885 |
||
| 999 |
_c81538 _d81538 |
||